00000000nas 2200000zi 4500
0019.943430
003CaOODSP
00520250422164436
006m     o  d f      
007cr |||||||||||
008240919d195819uuquc|x m o    f0###|0eng|d
040 |aCaOODSP|beng|erda|cCaOODSP
043 |an-cn---
0861 |aDR52-23E-PDF
1300 |aCARDE technical memorandum. |nAB.
24510|aCARDE technical memorandum. |nAB.
2461 |aCARDE technical memorandum
264 1|aValcartier, Que. : |bCanadian Armament Research and Development Establishment
310 |aIrregular
336 |atext|btxt|2rdacontent
337 |acomputer|bc|2rdamedia
338 |aonline resource|bcr|2rdacarrier
515 |aSome issues published out of chronological order.
588 |aDescription based on: AB-43; title from PDF title page.
588 |aLatest issue consulted: AB-46.
650 0|aMilitary research|zCanada.
650 6|aRecherche militaire|zCanada.
7102 |aCanadian Armament Research and Development Establishment, |eissuing body.
7101 |aCanada. |bDefence Research Board, |eissuing body.